<?xml version="1.0" encoding="UTF-8"?>
<record
    xmlns:xsi="http://www.w3.org/2001/XMLSchema-instance"
    xsi:schemaLocation="http://www.loc.gov/MARC21/slim http://www.loc.gov/standards/marcxml/schema/MARC21slim.xsd"
    xmlns="http://www.loc.gov/MARC21/slim">

  <leader>03931njm a2200613Ia 4500</leader>
  <controlfield tag="001">23815</controlfield>
  <controlfield tag="003">IT-RoPAU</controlfield>
  <controlfield tag="005">20220918181120.0</controlfield>
  <controlfield tag="008">131025s9999    xx            000 0 und d</controlfield>
  <datafield tag="040" ind1=" " ind2=" ">
    <subfield code="a">IT-RoPAU</subfield>
  </datafield>
  <datafield tag="040" ind1=" " ind2=" ">
    <subfield code="c">IT-RoPAU</subfield>
  </datafield>
  <datafield tag="041" ind1=" " ind2=" ">
    <subfield code="a">ITALIANO</subfield>
  </datafield>
  <datafield tag="999" ind1=" " ind2=" ">
    <subfield code="c">99707</subfield>
    <subfield code="d">99707</subfield>
  </datafield>
  <datafield tag="999" ind1=" " ind2=" ">
    <subfield code="b">n.d.</subfield>
  </datafield>
  <datafield tag="100" ind1=" " ind2=" ">
    <subfield code="a">AA.VV.</subfield>
    <subfield code="9">794</subfield>
  </datafield>
  <datafield tag="100" ind1=" " ind2=" ">
    <subfield code="e">Autore musica</subfield>
    <subfield code="9">6184</subfield>
  </datafield>
  <datafield tag="100" ind1=" " ind2=" ">
    <subfield code="g">Codice autore musica SPICS: 12000</subfield>
    <subfield code="9">796</subfield>
  </datafield>
  <datafield tag="245" ind1=" " ind2=" ">
    <subfield code="a">Lunga estate degli anni '60 (La)-Lp Nl 33031</subfield>
  </datafield>
  <datafield tag="250" ind1=" " ind2=" ">
    <subfield code="a">1a ed.</subfield>
  </datafield>
  <datafield tag="260" ind1=" " ind2=" ">
    <subfield code="a">ROMA</subfield>
  </datafield>
  <datafield tag="260" ind1=" " ind2=" ">
    <subfield code="b">RCA (RADIO CORP. AMERICA)</subfield>
    <subfield code="c">1976 [1a Ed.:1976]</subfield>
  </datafield>
  <datafield tag="300" ind1=" " ind2=" ">
    <subfield code="a">DISCO</subfield>
  </datafield>
  <datafield tag="300" ind1=" " ind2=" ">
    <subfield code="c">33 minuti (Testo:  pag.)</subfield>
  </datafield>
  <datafield tag="500" ind1=" " ind2=" ">
    <subfield code="a">Canzoni degli anni 60. Canzone italiana. Cantautori.</subfield>
  </datafield>
  <datafield tag="505" ind1=" " ind2=" ">
    <subfield code="a">La la la (Lionello Alberto) - Guarda come dondolo (Vianello Edoardo) - Come te non c'&#xE8; nessuno (Pavone Rita) - Sapore di sale (Paoli Gino) - Se mi vuoi lasciare (Michele ) - Non son degno di te (Morandi Gianni) - Andiamo a mietere il grano (Louiselle) - Che colpa abbiamo noi (The Rokes) - Ciao amore, ciao (Tenco Luigi) - La bambola (Pravo Patty) - Vengo anch'io. No, tu no (Jannacci Enzo) - Ma che freddo fa (Nada )</subfield>
  </datafield>
  <datafield tag="511" ind1=" " ind2=" ">
    <subfield code="a">Franco Pisano e la sua Orchestra</subfield>
  </datafield>
  <datafield tag="511" ind1=" " ind2=" ">
    <subfield code="a">Ennio Morricone, la sua Orchestra e I Cantori Moderni</subfield>
  </datafield>
  <datafield tag="511" ind1=" " ind2=" ">
    <subfield code="a">Luis Enriquez, la sua Orchestra e il Complesso Vocale 4+4</subfield>
  </datafield>
  <datafield tag="511" ind1=" " ind2=" ">
    <subfield code="a">Ennio Morricone e la sua Orchestra</subfield>
  </datafield>
  <datafield tag="511" ind1=" " ind2=" ">
    <subfield code="a">Gian Piero Reverberi, la sua Orchestra e Coro</subfield>
  </datafield>
  <datafield tag="511" ind1=" " ind2=" ">
    <subfield code="a">Gianpiero Reverberi, la sua Orchestra e I 4+4 di Nora Orlandi</subfield>
  </datafield>
  <datafield tag="511" ind1=" " ind2=" ">
    <subfield code="a">Ruggero Cini la sua Orchestra e I 4+4 di Nora Orlandi</subfield>
  </datafield>
  <datafield tag="511" ind1=" " ind2=" ">
    <subfield code="a">Ruggero Cini e la sua Orchestra</subfield>
  </datafield>
  <datafield tag="650" ind1=" " ind2=" ">
    <subfield code="a">CANZONE ITALIAN [DISCHI]</subfield>
    <subfield code="e">Codice MATERIA SPICS: 9950</subfield>
    <subfield code="9">6185</subfield>
  </datafield>
  <datafield tag="700" ind1=" " ind2=" ">
    <subfield code="a">Chiocchio Gaio</subfield>
    <subfield code="g">Codice autore musica SPICS: 18827</subfield>
    <subfield code="e">Autore musica</subfield>
    <subfield code="p">La la la</subfield>
    <subfield code="9">6186</subfield>
  </datafield>
  <datafield tag="700" ind1=" " ind2=" ">
    <subfield code="a">Amurri</subfield>
    <subfield code="g">Codice autore testo/musica SPICS: 14150</subfield>
    <subfield code="e">Autore testo/musica</subfield>
    <subfield code="p">La la la</subfield>
    <subfield code="9">6187</subfield>
  </datafield>
  <datafield tag="700" ind1=" " ind2=" ">
    <subfield code="a">Vianello Edoardo</subfield>
    <subfield code="g">Codice autore musica SPICS: 13844</subfield>
    <subfield code="e">Autore musica</subfield>
    <subfield code="p">Guarda come dondolo</subfield>
    <subfield code="9">6188</subfield>
  </datafield>
  <datafield tag="700" ind1=" " ind2=" ">
    <subfield code="a">Rossi Carlo Alberto (Cicero)</subfield>
    <subfield code="g">Codice autore testo/musica SPICS: 13130</subfield>
    <subfield code="e">Autore testo/musica</subfield>
    <subfield code="p">Guarda come dondolo - Andiamo a mietere il grano</subfield>
    <subfield code="9">6189</subfield>
  </datafield>
  <datafield tag="700" ind1=" " ind2=" ">
    <subfield code="a">Vassallo</subfield>
    <subfield code="g">Codice autore musica SPICS: 25259</subfield>
    <subfield code="e">Autore musica</subfield>
    <subfield code="p">Come te non c'&#xE8; nessuno</subfield>
    <subfield code="9">6190</subfield>
  </datafield>
  <datafield tag="700" ind1=" " ind2=" ">
    <subfield code="a">Migliacci Franco</subfield>
    <subfield code="g">Codice autore testo/musica SPICS: 13653</subfield>
    <subfield code="e">Autore testo/musica</subfield>
    <subfield code="p">Come te non c'&#xE8; nessuno - Non son degno di te - La bambola</subfield>
    <subfield code="9">6191</subfield>
  </datafield>
  <datafield tag="700" ind1=" " ind2=" ">
    <subfield code="a">Paoli Gino</subfield>
    <subfield code="g">Codice autore testo/musica SPICS: 11057</subfield>
    <subfield code="e">Autore testo/musica</subfield>
    <subfield code="p">Sapore di sale</subfield>
    <subfield code="9">6192</subfield>
  </datafield>
  <datafield tag="700" ind1=" " ind2=" ">
    <subfield code="a">Reverberi Gianpiero</subfield>
    <subfield code="g">Codice autore musica SPICS: 8146</subfield>
    <subfield code="e">Autore musica</subfield>
    <subfield code="p">Se mi vuoi lasciare</subfield>
    <subfield code="9">6193</subfield>
  </datafield>
  <datafield tag="700" ind1=" " ind2=" ">
    <subfield code="a">Leva</subfield>
    <subfield code="g">Codice autore testo/musica SPICS: 14077</subfield>
    <subfield code="e">Autore testo/musica</subfield>
    <subfield code="p">Se mi vuoi lasciare</subfield>
    <subfield code="9">6194</subfield>
  </datafield>
  <datafield tag="700" ind1=" " ind2=" ">
    <subfield code="a">Zambrini</subfield>
    <subfield code="g">Codice autore musica SPICS: 14080</subfield>
    <subfield code="e">Autore musica</subfield>
    <subfield code="p">Non son degno di te - La bambola</subfield>
    <subfield code="9">6195</subfield>
  </datafield>
  <datafield tag="700" ind1=" " ind2=" ">
    <subfield code="a">Marrocchi Marcello</subfield>
    <subfield code="g">Codice autore musica SPICS: 7419</subfield>
    <subfield code="e">Autore musica</subfield>
    <subfield code="p">Andiamo a mietere il grano</subfield>
    <subfield code="9">6196</subfield>
  </datafield>
  <datafield tag="700" ind1=" " ind2=" ">
    <subfield code="a">Lind Jon</subfield>
    <subfield code="g">Codice autore musica SPICS: 25260</subfield>
    <subfield code="e">Autore musica</subfield>
    <subfield code="p">Che colpa abbiamo noi</subfield>
    <subfield code="9">6197</subfield>
  </datafield>
  <datafield tag="700" ind1=" " ind2=" ">
    <subfield code="a">Mogol (Rapetti Giulio)</subfield>
    <subfield code="g">Codice autore testo/musica SPICS: 13643</subfield>
    <subfield code="e">Autore testo/musica</subfield>
    <subfield code="p">Che colpa abbiamo noi</subfield>
    <subfield code="9">6198</subfield>
  </datafield>
  <datafield tag="700" ind1=" " ind2=" ">
    <subfield code="a">Tenco Luigi</subfield>
    <subfield code="g">Codice autore testo/musica SPICS: 13841</subfield>
    <subfield code="e">Autore testo/musica</subfield>
    <subfield code="p">Ciao amore, ciao</subfield>
    <subfield code="9">6199</subfield>
  </datafield>
  <datafield tag="700" ind1=" " ind2=" ">
    <subfield code="a">Cini Ruggero</subfield>
    <subfield code="g">Codice autore musica SPICS: 10825</subfield>
    <subfield code="e">Autore musica</subfield>
    <subfield code="p">La bambola</subfield>
    <subfield code="9">6200</subfield>
  </datafield>
  <datafield tag="700" ind1=" " ind2=" ">
    <subfield code="a">Fiorentini F.</subfield>
    <subfield code="g">Codice autore musica SPICS: 15905</subfield>
    <subfield code="e">Autore musica</subfield>
    <subfield code="p">Vengo anch'io. No, tu no</subfield>
    <subfield code="9">6201</subfield>
  </datafield>
  <datafield tag="700" ind1=" " ind2=" ">
    <subfield code="a">Fo Dario</subfield>
    <subfield code="g">Codice autore SPICS: 6571</subfield>
    <subfield code="e">Autore</subfield>
    <subfield code="p">Vengo anch'io. No, tu no</subfield>
    <subfield code="9">6202</subfield>
  </datafield>
  <datafield tag="700" ind1=" " ind2=" ">
    <subfield code="a">Jannacci Enzo</subfield>
    <subfield code="g">Codice autore testo/musica SPICS: 10956</subfield>
    <subfield code="e">Autore testo/musica</subfield>
    <subfield code="p">Vengo anch'io. No, tu no</subfield>
    <subfield code="9">6203</subfield>
  </datafield>
  <datafield tag="700" ind1=" " ind2=" ">
    <subfield code="a">Mattone Ugo (Pirro Ugo)</subfield>
    <subfield code="g">Codice autore testo/musica SPICS: 13129</subfield>
    <subfield code="e">Autore testo/musica</subfield>
    <subfield code="p">Ma che freddo fa</subfield>
    <subfield code="9">6204</subfield>
  </datafield>
  <datafield tag="942" ind1=" " ind2=" ">
    <subfield code="c">MD</subfield>
    <subfield code="2">ddc</subfield>
  </datafield>
  <datafield tag="952" ind1=" " ind2=" ">
    <subfield code="0">0</subfield>
    <subfield code="1">0</subfield>
    <subfield code="4">0</subfield>
    <subfield code="6">23815_000000000000000</subfield>
    <subfield code="7">1</subfield>
    <subfield code="a">SPICS</subfield>
    <subfield code="b">SPICS</subfield>
    <subfield code="d">2013-10-25</subfield>
    <subfield code="l">0</subfield>
    <subfield code="o">23815</subfield>
    <subfield code="r">2013-10-25 00:00:00</subfield>
    <subfield code="w">2013-10-25</subfield>
    <subfield code="y">MD</subfield>
    <subfield code="z">Progr. Ins.: 4662 / N.Vol.: 1 / Copie: 1 - Copia rara: n.d. / date import: 01.01.2014 - By Epidotti, Trombetti, Vaglietti</subfield>
  </datafield>
</record>
